Coastal ecosystems : (Record no. 74386)
[ view plain ]
| 000 -LEADER | |
|---|---|
| fixed length control field | 01579cam a2200313 a 4500 |
| 001 - CONTROL NUMBER | |
| control field | 74386 |
| 003 - CONTROL NUMBER IDENTIFIER | |
| rucl marc code | BD-RjUL |
| 005 - DATE AND TIME OF LATEST TRANSACTION | |
| control field | 20211209082538.0 |
| 008 - FIXED-LENGTH DATA ELEMENTS--GENERAL INFORMATION | |
| fixed length control field | 080628s2008 ii ab b 100 0 eng |
| 020 ## - INTERNATIONAL STANDARD BOOK NUMBER | |
| International Standard Book Number | 9788170355571 |
| International Standard Book Number | 8170355575 |
| 035 ## - SYSTEM CONTROL NUMBER | |
| System control number | BD-RjUL74604 |
| 040 ## - CATALOGING SOURCE | |
| Original cataloging agency | DLC |
| Transcribing agency | DLC |
| Language of cataloging | eng |
| Modifying agency | BD-RjUL |
| 041 ## - LANGUAGE CODE | |
| Language code of text/sound track or separate title | eng |
| 082 ## - DEWEY DECIMAL CLASSIFICATION NUMBER | |
| Edition number | 23 |
| Classification number | 577 |
| Author mark and year | COA 2008 |
| 245 00 - TITLE STATEMENT | |
| Title | Coastal ecosystems : |
| Remainder of title | hazards, management, and rehabilitation / |
| Statement of responsibility, etc. | editor, Rattan K. Datta. |
| 260 ## - PUBLICATION, DISTRIBUTION, ETC. (IMPRINT) | |
| Place of publication, distribution, etc. | Delhi : |
| Name of publisher, distributor, etc. | Centre for Science & Technology of the Non-Aligned and Other Developing Countries (NAM S & T Centre) : |
| -- | Daya Pub. House, |
| Date of publication, distribution, etc. | 2008. |
| 300 ## - PHYSICAL DESCRIPTION | |
| Pagination | 363 p. : |
| Illustrations | ill. (some col.), maps ; |
| Size | 24 cm. |
| 504 ## - BIBLIOGRAPHY, ETC. NOTE | |
| Bibliography, etc | Includes bibliographical references. |
| 520 ## - SUMMARY, ETC. | |
| Summary, etc. | Transcript of papers presented during an international workshop-cum-training programme organized at Purwokerto, Indonesia during August 2006 by the Centre for Science & Technology of the Non-Aligned and Other Developing Countries in collaboration with the Centre for Tropical Marine Ecology, Bremen, Germany and Jenderal Soedirman University of Indonesia. |
| 650 #0 - SUBJECT ADDED ENTRY--TOPICAL TERM | |
| Topical term or geographic name as entry element | Coastal ecology |
| Form subdivision | Congresses. |
| 9 (RLIN) | 222256 |
| Topical term or geographic name as entry element | Coastal zone management |
| Form subdivision | Congresses. |
| 9 (RLIN) | 222257 |
| Topical term or geographic name as entry element | Hazard mitigation |
| Form subdivision | Congresses. |
| 9 (RLIN) | 199830 |
| 700 1# - ADDED ENTRY--PERSONAL NAME | |
| Personal name | Datta, Rattan K. |
| 710 2# - ADDED ENTRY--CORPORATE NAME | |
| Corporate name or jurisdiction name as entry element | Centre for Science and Technology of the Non-Aligned and Other Developing Countries. |
| 9 (RLIN) | 222259 |
| Corporate name or jurisdiction name as entry element | Universitas Jenderal Soedirman. |
| 9 (RLIN) | 222260 |
| Corporate name or jurisdiction name as entry element | Universität Bremen. |
| Subordinate unit | Zentrum für Marine Tropenökologie. |
| 9 (RLIN) | 222261 |
| 942 ## - ADDED ENTRY ELEMENTS (KOHA) | |
| Source of classification or shelving scheme | Dewey Decimal Classification |
| Koha item type | Books |
| Lost status | Source of classification or shelving scheme | Damaged status | Not for loan | Collection code | Permanent Location | Current Location | Shelving location | Date acquired | Source of acquisition | Cost, normal purchase price | Total Checkouts | Full call number | Date last seen | Copy number | Koha item type |
|---|---|---|---|---|---|---|---|---|---|---|---|---|---|---|---|
| Dewey Decimal Classification | Not For Loan | Non-fiction | Central Library, University of Rajshahi | Central Library, University of Rajshahi | Reading Room | 09/12/2021 | International book Distribution , Dhaka. | 2600.00 | 577 COA 2008 | 12/08/2018 | C-1 | Books |